00629nam a22001817a 4500003000200000005001700002008004100019020001800060050002400078100003700102245010000139250001300239260004400252300003500296500007000331504002000401650002600421020241019133712.0241019b xxu||||| |||| 00| 0 eng d a9781266233975 aHD 30.22b.T56 2024 aThomas, Christopher R.,eauthor. aManagerial economics :bfoundations of business analysis and strategy /cChristopher R. Thomas. a14th ed. aNew York, NY :bMcGraw Hill LLC,c2024. axxvi, 754 p. :bill. ;c24 cm. aThis International Student Edition is for use outside of the U.S. aIncludes index. aManagerial economics.